| 000 | 00775cam a22002537a 4500 | ||
|---|---|---|---|
| 003 | CHAP | ||
| 005 | 20220329140143.0 | ||
| 008 | 971013s r 00010 d | ||
| 010 | _a47780 | ||
| 011 | _a48752 | ||
| 035 | _a52898 | ||
| 040 | _cCHAP | ||
| 090 | _aFolleto 721 | ||
| 100 | 0 | 0 |
_aReynders, M. I. _997070 |
| 245 | 1 | 3 | _aLa dasonomÃa en Nueva Zelandia ; conferencia ofrecidad a los estudiantes de la Escuela Nacional de Agricultura... agosto de 1967 |
| 260 |
_a(s.l.) : _b(s.e.), _c(s.a.) |
||
| 300 | _a31 p. | ||
| 590 |
_aBATCH-UPD _b10 _c20130110 _lUCH01 _h2245 |
||
| 590 |
_aCONVERSION _b10 _c20130109 _lUCH01 _h1326 |
||
| 650 | 1 | 4 |
_aBosques _xNueva Zelanda. _914351 |
| 901 | _aBK | ||
| 942 | _cFOLL | ||
| 949 |
_aFolleto 721 _bBC _cUACH _d-117540 _eUACH _i52898 _si |
||
| 999 |
_c47780 _d47780 |
||